Quiz da UEFA Euro 2024 - Statistics

Estatísticas Gerais
  • Esse quiz foi jogado 300 vezes
  • A pontuação média é 21 de 24
Estatísticas das Respostas
Team Grupo % Correto
Portugal F3
98%
Espanha B1
95%
França D4
95%
Itália B3
95%
Inglaterra C4
94%
Alemanha A1
93%
Croácia B2
92%
Bélgica E1
91%
Países Baixos D2
90%
Suíça A4
90%
Albânia B4
87%
Eslovénia C1
87%
Polônia D1
87%
Turquia F1
86%
Ucrânia E4
86%
Dinamarca C2
85%
Escócia A2
85%
Eslováquia E2
84%
Hungria A3
83%
Sérvia C3
83%
Áustria D3
82%
Geórgia F2
81%
República Checa F4
81%
Romênia E3
78%
Nenhum quiz correspondente encontrado
Distribuição das Pontuações
Porcentagem de Pessoas com Cada Pontuação
Percentil de Números Respondidos
Sua Pontuação Histórica
Você não jogou esse quiz